LEADER 02640nam 22005773 450 001 9910508303003321 005 20211111075503.0 010 $a0-335-24643-5 010 $a1-283-59467-6 010 $a9786613907127 035 $a(MiAaPQ)EBC1069448 035 $a(Au-PeEL)EBL1069448 035 $a(CaPaEBR)ebr10602516 035 $a(CaONFJC)MIL390712 035 $a(OCoLC)818847095 035 $a(PZ_Ebook Central)EBC1069448 035 $a(CKB)19357418600041 035 $a(EXLCZ)9919357418600041 100 $a20211111d2012 uy 0 101 0 $aeng 135 $aurcnu|||||||| 181 $ctxt$2rdacontent 182 $cc$2rdamedia 183 $acr$2rdacarrier 200 10$aDoing Ethical Research with Children 205 $a1st ed. 210 1$aMaidenhead :$cMcGraw-Hill Education,$d2012. 210 4$dİ2012. 215 $a1 online resource (138 pages) 225 1 $aUK Higher Education OUP Humanities and Social Sciences Education OUP Ser. 311 08$aPrint version: Harcourt, Deborah Doing Ethical Research with Children Maidenhead : McGraw-Hill Education,c2012 9780335246427 327 $aFront cover -- Half title -- Title -- Copyright -- Praise for this book -- Contents -- Figures and tables -- Foreword -- About this book -- 1 Research involving children -- 2 Phase 1 - preparing to research with children -- 3 Building a research team: the Researcher Capacity Analysis -- 4 Phase 2 - research design -- 5 Phase 3 - conducting the research -- 6 Maintaining ethical practice -- 7 Phase 4 - dissemination of your work -- Appendix 1 Over to You . . . -- Appendix 2 Researcher Capacity Analysis: individual -- Appendix 3 Sample information letter to parents -- Appendix 4 Sample letter of informed consent for parents -- References -- Index -- Adverts -- Back cover. 330 $aThis book provides a comprehensive and practical introduction to undertaking a research project with children. 410 0$aUK Higher Education OUP Humanities and Social Sciences Education OUP Ser. 606 $aNuclear magnetic resonance spectroscopy 606 $aNuclear magnetic resonance 606 $aChemistry, Organic 608 $aElectronic books. 615 0$aNuclear magnetic resonance spectroscopy. 615 0$aNuclear magnetic resonance. 615 0$aChemistry, Organic. 676 $a305.23072 700 $aHarcourt$b Deborah$0931611 701 $aSargeant$b Jonathon$01024939 801 0$bMiAaPQ 801 1$bMiAaPQ 801 2$bMiAaPQ 906 $aBOOK 912 $a9910508303003321 996 $aDoing Ethical Research with Children$92436427 997 $aUNINA LEADER 03221nam 2200505 450 001 9910824344803321 005 20230808193503.0 010 $a90-04-31931-X 024 7 $a10.1163/9789004319318 035 $a(CKB)3710000000720855 035 $a(MiAaPQ)EBC4547317 035 $a(OCoLC)946967856$z(OCoLC)951977620 035 $a(nllekb)BRILL9789004319318 035 $a(EXLCZ)993710000000720855 100 $a20160711h20162016 uy 0 101 0 $aeng 135 $aurcnu|||||||| 181 $2rdacontent 182 $2rdamedia 183 $2rdacarrier 200 10$aIslam, the ancient near East and varieties of godlessness$iCollected studies in three$hVolume 3 /$fby Patricia Crone ; edited by Hanna Siurua 210 1$aLeiden, Netherlands ;$aBoston, [Massachusetts] :$cBrill,$d2016. 210 4$dİ2016 215 $a1 online resource (279 pages) $cillustrations 225 1 $aIslamic History and Civilization. Studies and Texts,$x0929-2403 ;$vVolume 131 300 $aIncludes index. 311 $a90-04-31927-1 320 $aIncludes bibliographical references and index. 327 $aFront Matter -- ?Barefoot and Naked?: What Did the Bedouin of the Arab Conquests Look Like? -- The Ancient Near East and Islam: The Case of Lot-Casting -- Idr?s, Atra?as?s and al-Khi?r -- Ab? Sa??d al-?a?r? and the Punishment of Unbelievers -- The Dahr?s According to al-J??i? -- Ungodly Cosmologies -- Post-Colonialism in Tenth-Century Islam -- What Are Prophets For? The Social Utility of Religion in Medieval Islamic Thought -- Oral Transmission of Subversive Ideas from the Islamic World to Europe: The Case of the Three Impostors -- How the Field Has Changed in My Lifetime -- List of Patricia Crone?s Publications -- Index of Names and Terms. 330 $aPatricia Crone's Collected Studies in Three Volumes brings together a number of her published, unpublished, and revised writings on Near Eastern and Islamic history, arranged around three distinct but interconnected themes. Volume 3, Islam, the Ancient Near East and Varieties of Godlessness , places the rise of Islam in the context of the ancient Near East and investigates sceptical and subversive ideas in the Islamic world. Volume 1, The Qur??nic Pagans and Related Matters , pursues the reconstruction of the religious environment in which Islam arose and develops an intertextual approach to studying the Qur??nic religious milieu. Volume 2, The Iranian Reception of Islam: The Non-Traditionalist Strands , examines the reception of pre-Islamic legacies in Islam, above all that of the Iranians. The Qur??nic Pagans and Related Matters The Iranian Reception of Islam: The Non-Traditionalist Strands 410 0$aIslamic history and civilization ;$vVolume 131. 606 $aIslam$xHistory$yTo 1500 606 $aGod (Islam) 615 0$aIslam$xHistory 615 0$aGod (Islam) 676 $a297.09021 700 $aCrone$b Patricia$0133399 702 $aSiurua$b Hanna 801 0$bMiAaPQ 801 1$bMiAaPQ 801 2$bMiAaPQ 906 $aBOOK 912 $a9910824344803321 996 $aIslam, the ancient near East and varieties of godlessness$94103468 997 $aUNINA